000 00539nam a2200181Ia 4500
001 9476
005 20260306161721.0
008 260306t2013||||xx |||||||||||||| ||spa||
041 _aESP
082 _a379.156
_bI59B
100 _aInstituto Peruano de Evaluación, Acreditación y Certificación de la Calidad de la Educación Básica
_eAUT
245 0 _aMapas de progreso del aprendizaje:
_bmatemática: geometría
260 _c2013
300 _a46 páginas :
_c30 cm.
650 _aGEN
654 _aCED
942 _cLIB
_dJUS
_fJUS
_2ddc
_n
999 _c9476
_d9476